000 01020nam a22003137a 4500
003 CHAP
005 20250613132711.0
008 971013s1954 r 00010 d
010 _a73378
011 _a74350
035 _a83909
040 _cCHAP
082 _a634.774
_bG3
100 0 0 _aGarcía Ruiz, Federico.
_946564
245 _aProblemas generales del cultivo e industrialización de la piña en México
260 _aMéxico :
_b(s.e),
_c1954
300 _a61 h.
590 _aBATCH-UPD
_b10
_c20130110
_lUCH01
_h0530
590 _aBATCH-UPD
_b10
_c20130410
_lUCH01
_h0210
590 _aBATCH-UPD
_b10
_c20130914
_lUCH01
_h1530
590 _aCONVERSION
_b10
_c20130109
_lUCH01
_h1340
650 1 7 _aPiña (Ananas comosus)
_2
_988387
650 1 7 _aPiña (Ananas comosus)
_xIndustria
_2
_988405
650 1 7 _aPiña (Ananas comosus)
_xMéxico
_2
_988414
700 0 _aGonzález Monreal, Ignacio.
_949191
901 _aBK
942 _cLIBRO
949 _a634.774 G3
_bBC
_cLIBRO
_d33724000210688
_eLIBRO
_h40923
_i83909
_mD
_si
999 _c73378
_d73378